000 006090000a22002050004500
001 52444
090 _a52444
100 _a20170316d2017 k y0pory5003 ba
101 0 _apor
102 _aPT
200 1 _aThe adventures of Tom Sawyer
_fMark Twain
210 _aOxford
_cOxford University Press
_d[s.d]
215 _a48 p.
_cil.
_d20 cm
606 _aLiteratura inglesa
_xConto
675 _a821.111-93
_vBN
_zpor
675 _a821.111-34
_vBN
_zpor
700 1 _aTwain
_bMark
_cpseud.
801 _aPT
_c20170316
942 _cMON
_n0
999 _a52444
_bBibliobase - BEBDPPC
_c2019-01-21